Personne n'y avait pensé ! 100 plus grandes villes de France - Statistiques

Statistiques générales
  • Ce quiz a été pris 97 024 fois
  • Le résultat moyen est 58 sur 335
Réponses sur la Carte
Les réponses sont colorées sur une échelle allant du rouge au vert en fonction du pourcentage des utilisateurs qui les ont devinées à leur premier essai. Vous pouvez retrouver ces pourcentages ci-dessous.
 
Statistiques - réponses
Pourcentage Ville % Correct
100 Paris
95%
98 Marseille
90%
96 Lille
89%
96 Bordeaux
87%
97 Lyon
87%
94 Nice
82%
95 Strasbourg
82%
94 Toulouse
82%
91 Nantes
76%
88 Rennes
76%
87 Brest
75%
83 Montpellier
63%
81 Dijon
55%
70 Caen
52%
72 Toulon
51%
80 Ajaccio
50%
68 Metz
49%
71 Le Havre
48%
68 Clermont-Ferrand
47%
72 Grenoble
47%
66 Reims
46%
68 Perpignan
45%
66 Rouen
45%
69 Saint-Denis
45%
68 Nancy
44%
67 Saint-Étienne
44%
68 Tours
43%
67 Orléans
42%
61 Angers
40%
62 Nîmes
35%
56 Dunkerque
34%
60 La Rochelle
34%
57 Amiens
33%
55 Cannes
33%
59 Limoges
33%
54 Pau
33%
59 Calais
30%
49 Quimper
29%
50 Annecy
27%
52 Le Mans
27%
47 Mulhouse
26%
52 Poitiers
26%
50 Aix-en-Provence
25%
46 Valence
22%
57 Versailles
22%
45 Besançon
21%
40 Colmar
21%
37 Roubaix
21%
41 Troyes
20%
35 Villeurbanne
20%
48 Avignon
19%
35 Cherbourg-en-Cotentin
18%
41 Fort-de-France
16%
38 Boulogne-Billancourt
15%
39 Cayenne
15%
37 Chambéry
15%
34 Bourges
14%
29 Tourcoing
14%
29 Béziers
13%
34 Nanterre
12%
31 Niort
12%
34 Créteil
11%
31 Évry-Courcouronnes
11%
29 Nouméa
11%
26 Saint-Nazaire
10%
19 Antibes
8%
20 Mamoudzou
8%
23 Montauban
8%
23 Montreuil
8%
22 Saint-Pierre
8%
20 Argenteuil
7%
27 Cergy
7%
27 Neuilly-sur-Seine
7%
19 Aubervilliers
6%
20 Ivry-sur-Seine
6%
16 Saint-Paul
6%
13 Mérignac
5%
12 Pessac
5%
15 Clichy
4%
17 Issy-les-Moulineaux
4%
10 Le Tampon
4%
19 Levallois-Perret
4%
12 Vénissieux
4%
14 Vitry-sur-Seine
4%
13 Antony
3%
13 Asnières-sur-Seine
3%
14 Aulnay-sous-Bois
3%
12 Colombes
3%
12 Courbevoie
3%
11 Drancy
3%
8 La Seyne-sur-Mer
3%
13 Sarcelles
3%
10 Villeneuve-d'Ascq
3%
10 Champigny-sur-Marne
2%
5 Le Blanc-Mesnil
2%
10 Noisy-le-Grand
2%
10 Pantin
2%
11 Rueil-Malmaison
2%
9 Saint-Maur-des-Fossés
2%
Aucun quiz correspondant
Distribution des résultats
% des personnes avec chaque résultat
Percentile par nombre de réponses
Votre historique - résultats
Vous n’avez pas pris ce quiz